Implementación del protocolo SNMP para el monitoreo y control centralizado de los sistemas de comunicación, navegación y vigilancia de COCESNA a través de la aplicación Software Solarwinds

La investigación tiene como objetivo principal mostrar el procedimiento y los beneficios que se obtuvieron al implementar el monitoreo y control centralizado en la Corporación Centroamericana de Servicios de Navegación Aérea (COCESNA- Nicaragua), mediante el protocolo Simple de Gestión de Red (...

Full description

Bibliographic Details
Main Author: Zeas Arias, Aurora María
Other Authors: Tutor: Munguía Mena, TeKnL
Format: Tesis Section = Libro
Language:Undetermined
Spanish
Published: Managua UNI 2018
Subjects:
LEADER 01462nam a2200277Ia 4500
008 240830s9999 xx 000 0 und d
040 |a BIBLIOTECA-RUSB/ Mon 004.62 Z41 
041 |a spa 
082 |a Mon 004.62 Z41 
100 1 |a Zeas Arias, Aurora María 
245 1 0 |a Implementación del protocolo SNMP para el monitoreo y control centralizado de los sistemas de comunicación, navegación y vigilancia de COCESNA a través de la aplicación Software Solarwinds 
260 |a Managua  |b UNI  |c 2018 
300 |a 54 p. :il. 
500 |a Contiene: anexos y CD. 
502 |a Tesis (Ingeniero Electrónico) - UNI, 2018. 
520 3 |a La investigación tiene como objetivo principal mostrar el procedimiento y los beneficios que se obtuvieron al implementar el monitoreo y control centralizado en la Corporación Centroamericana de Servicios de Navegación Aérea (COCESNA- Nicaragua), mediante el protocolo Simple de Gestión de Red (SNMP) y el software Solarwinds. Utiliza la herramienta de software SolarWinds como una plataforma centralizada para el monitoreo de los sistemas. 
650 7 |a REDES DE COMPUTADORAS-ADMINISTRACION 
650 7 |b  INTERNET 
650 7 |c  SISTEMAS DE COMUNICACION-SNMP 
650 7 |d  SOFTWARE SOLARWINDS-IMPLEMENTACION 
650 7 |e  DESARROLLO DE SOFTWARE Y HARDWARE 
650 7 |f  DISPOSITIVOS AUTOMATICOS-PROGRAMADOS 
700 1 |a Tutor:  |b Munguía Mena, TeKnL 
942 |c BK  |2 ddc 
991 |a TESIS 
999 |c 19634